Statistics for Random Facts

Click here to take the quiz!

General Stats

  • This quiz has been taken 57 times
  • The average score is 8 of 15

Answer Stats

HintAnswer% Correct
the president of RussiaVladimir Putin
91%
How many teeth do full grown adults have(except for wisdom teeth)32
80%
Star of the first space JamMichael Jordan
67%
Sings the song Shake It OffTaylor Swift
65%
Most read bookBible
63%
2nd president of the USJohn Adams
63%
A shrimp heart is wherehead
59%
Deepest part of the oceanMariana Trench
59%
Richest YouTuberMr Beast
59%
Deepest great lakelake superior
52%
U.S state that gets the most rain fallHawaii
39%
NBA team with the the most final winsBoston Celtics
35%
Fastest animal in the worldPeregrine falcon
22%
What country has the tallest average heightDenmark
15%
Tallest treeHyperion
9%

Score Distribution

Percentile by Number Answered

Percent of People with Each Score

Your Score History

You have not taken this quiz